Những bài giảng về môn học tư tưởng Hồ Chí Minh
v.v...
Đã lưu trong:
| Tác giả chính: | |
|---|---|
| Định dạng: | Sách |
| Năm xuất bản: |
H.
Chính trị Quốc gia
1998
|
| Chủ đề: | |
| Tags: |
Thêm thẻ
Không có thẻ, Hãy là người đầu tiên gắn thẻ bản ghi này!
|
| LEADER | 00592nam a2200157 4500 | ||
|---|---|---|---|
| 082 | |a 335.4346 |b NG527KH | ||
| 100 | |a Nguyễn Khánh Bật | ||
| 245 | |a Những bài giảng về môn học tư tưởng Hồ Chí Minh |c Nguyễn Khánh Bật | ||
| 260 | |a H. |b Chính trị Quốc gia |c 1998 | ||
| 300 | |a 364 tr. |c 19 cm | ||
| 520 | |a v.v... | ||
| 653 | |a Tư tưởng Hồ Chí Minh | ||
| 653 | |a bài giảng | ||
| 942 | |2 ddc |c SH | ||
| 999 | |c 9382 |d 9382 | ||
| 952 | |0 0 |1 0 |2 ddc |4 0 |6 335_434600000000000_NG527KH |7 0 |8 300 |9 75146 |a qbu |b qbu |c D2 |d 2015-05-10 |g 27000 |o 335.4346 NG527KH |p 9210.c1 |r 0000-00-00 |w 2015-05-10 |y SH | ||